00940nab a22002177a 4500999001500000003000400015005001700019008004100036040000700077100003100084245016800115260007300283300001300356500002800369505008200397650002300479650002900502650002300531773015500554942001300709 c5590d5590OSt20251219122301.0190429b xxu||||| |||| 00| 0 spa d cPJ 96568aGialdino, Rolando E.10aDerecho de reunión/protesta e invalidez del Protocolo para el mantenimiento del orden público ante el corte de vías de circulación / cRolando E. Gialdino. cCiudad Autónoma de Buenos Aires :aThomson Reuters La Ley, b2025. ap. 60-76 aCita: AR/DOC/1346/2025. tSi te interesa el texto completo, solicitalo a koha@justierradelfuego.gov.ar  09343aDERECHO PENAL 096569aDERECHO DE REUNION 09716aORDEN PUBLICO0 0265893164tRevista de derecho penal y criminología. Nº 6 - Julio 2025dCiudad Autónoma de Buenos Aires : Thomson Reuters La Ley, 2017-x00347914 2udccANA